000 00476nam a2200169Ia 4500
005 20250424120249.0
008 250424s9999 xx 000 0 und d
022 _a01897136
050 _aS 473.N5 .I58/
245 0 _aInternational journal of food and agricultural research
260 _aIkot Ekpene
260 _bDevelopment Universal Consortia
260 _c2011
300 _av. , 200 p. : ill. ; 24 cm.
650 _aAgriculture--Nigeria--Periodicals.
942 _cSR
999 _c38315
_d38315